Statistiques concernant QCM Harry Potter moyen FRANCAIS

Cliquez ici pour prendre le quiz!

Statistiques générales

  • Ce quiz a été pris 11 256 fois
  • Le résultat moyen est 12 sur 15

Statistiques - réponses

QuestionRéponse% Correct
Quelle créature est enfermée dans la Chambre des Secrets ?un Basilic
97%
Comment se nomme le chat d'Hermione ?Pattenrond
95%
Comment s'appelle la championne française du Tournoi des Trois Sorciers ?Fleur Delacour
94%
Quelle formule sert à fermer la Carte du Marauder ?Méfait accompli
93%
Comment s'appelle la petite-amie de Ron en 6e année ?Lavande Brown
91%
Quel est le fantôme de la maison Serpentard ?Le Baron Sanglant
90%
Qui ne fait pas partie de l'Ordre du Phénix ?Tom Jedusor
89%
Quelle est la date de naissance d'Harry Potter ?31 juillet 1980
85%
Quelle matière enseigne le professeur Filius Flitwick ?Sortilèges
85%
Après avoir quitté Poudlard, que font les jumeaux Weasley ?Ils ouvrent un magasin de farces et attrapes
80%
En quelle année se déroule la Bataille de Poudlard ?1998
78%
Qui était l'elfe de maison des Malefoy avant d'être libéré dans le second tome ?Dobby
75%
A quelle heure part le Poudlard Express de la gare ?11 heures
66%
Quel est le prénom des trois sœurs Black ?Bellatrix, Andromeda et Narcissa
60%
Quelle affirmation suivante sur l'argent sorcier est vraie ?Les mornilles sont en argent
34%

Distribution des résultats

Percentile par nombre de réponses

% des personnes avec chaque résultat

Votre développement - résultats

Vous n’avez pas pris ce quiz